Statistics for Most Keystrokes in 15 Seconds - Elan's variation

Click here to take the quiz!

General Stats

  • This quiz has been taken 314 times
  • The average score is 113 of 480

Answer Stats

hits% Correct
1
100%
2
100%
3
100%
4
100%
5
99%
6
98%
7
98%
10
95%
11
95%
12
95%
13
95%
14
95%
15
95%
8
95%
9
95%
16
94%
17
94%
18
93%
19
93%
20
93%
21
93%
22
93%
23
91%
24
91%
25
91%
26
91%
27
91%
28
91%
29
90%
30
90%
31
89%
32
89%
33
89%
34
89%
35
89%
36
89%
37
89%
38
89%
39
89%
40
89%
41
89%
42
89%
43
89%
44
88%
45
88%
46
88%
47
88%
48
88%
49
86%
50
86%
51
86%
52
86%
53
85%
54
84%
55
81%
56
81%
57
81%
58
81%
59
81%
60
81%
61
80%
62
80%
63
79%
64
79%
65
79%
66
79%
67
79%
68
78%
69
78%
70
78%
71
78%
72
76%
73
76%
74
76%
75
75%
76
75%
77
74%
78
74%
79
73%
80
71%
81
70%
82
70%
83
70%
84
70%
85
69%
86
69%
87
69%
88
69%
89
68%
90
66%
91
65%
92
65%
100
64%
93
64%
94
64%
95
64%
96
64%
97
64%
98
64%
99
64%
101
63%
102
61%
103
61%
104
61%
105
61%
106
61%
107
60%
108
60%
109
60%
110
59%
111
58%
112
56%
113
55%
114
55%
115
51%
116
50%
117
49%
118
46%
119
45%
120
45%
121
43%
122
43%
123
43%
124
43%
125
43%
126
41%
127
40%
128
39%
129
36%
130
36%
131
36%
132
36%
133
35%
134
35%
135
34%
136
34%
137
34%
138
34%
139
33%
140
33%
141
33%
142
29%
143
28%
144
28%
145
28%
146
28%
147
28%
148
26%
149
24%
150
23%
151
23%
152
23%
153
21%
154
20%
155
18%
156
18%
157
15%
158
15%
159
14%
160
14%
161
14%
162
13%
163
11%
164
11%
165
11%
166
11%
167
11%
168
11%
169
10%
170
10%
171
10%
172
10%
173
10%
174
10%
175
10%
176
10%
177
10%
178
10%
179
10%
180
10%
181
9%
182
9%
183
9%
184
5%
185
5%
186
5%
187
4%
188
4%
189
4%
190
4%
191
4%
192
4%
193
4%
194
4%
195
4%
196
4%
197
4%
198
4%
199
4%
200
4%
201
4%
202
3%
203
3%
204
3%
205
3%
206
3%
207
3%
208
3%
209
3%
210
3%
211
3%
212
3%
213
3%
214
3%
215
3%
216
3%
217
3%
218
3%
219
3%
220
3%
221
3%
222
3%
223
3%
224
3%
225
3%
226
3%
227
3%
228
3%
229
3%
230
3%
231
3%
232
3%
233
3%
234
3%
235
3%
236
3%
237
3%
238
3%
239
3%
240
3%
241
3%
242
3%
243
3%
244
3%
245
3%
246
3%
247
3%
248
3%
249
3%
250
3%
251
3%
252
3%
253
3%
254
3%
255
3%
256
3%
257
3%
258
3%
259
3%
260
3%
261
3%
262
3%
263
3%
264
3%
265
3%
266
3%
267
3%
268
3%
269
3%
270
3%
271
3%
272
3%
273
3%
274
3%
275
3%
276
3%
277
3%
278
3%
279
3%
280
3%
281
3%
282
3%
283
3%
284
3%
285
3%
286
3%
287
3%
288
3%
289
3%
290
3%
291
3%
292
3%
293
3%
294
3%
295
3%
296
3%
297
3%
298
3%
299
3%
300
3%
301
3%
302
3%
303
3%
304
3%
305
3%
306
3%
307
3%
308
3%
309
3%
310
3%
311
3%
312
3%
313
3%
314
3%
315
3%
316
3%
317
3%
318
3%
319
3%
320
3%
321
3%
322
3%
323
3%
324
3%
325
3%
326
3%
327
3%
328
3%
329
3%
330
3%
331
3%
332
3%
333
3%
334
3%
335
3%
336
3%
337
3%
338
3%
339
3%
340
3%
341
3%
342
3%
343
3%
344
3%
345
3%
346
3%
347
3%
348
3%
349
3%
350
3%
351
3%
352
3%
353
3%
354
3%
355
3%
356
3%
357
3%
358
3%
359
3%
360
3%
361
0%
362
0%
363
0%
364
0%
365
0%
366
0%
367
0%
368
0%
369
0%
370
0%
371
0%
372
0%
373
0%
374
0%
375
0%
376
0%
377
0%
378
0%
379
0%
380
0%
381
0%
382
0%
383
0%
384
0%
385
0%
386
0%
387
0%
388
0%
389
0%
390
0%
391
0%
392
0%
393
0%
394
0%
395
0%
396
0%
397
0%
398
0%
399
0%
400
0%
401
0%
402
0%
403
0%
404
0%
405
0%
406
0%
407
0%
408
0%
409
0%
410
0%
411
0%
412
0%
413
0%
414
0%
415
0%
416
0%
417
0%
418
0%
419
0%
420
0%
421
0%
422
0%
423
0%
424
0%
425
0%
426
0%
427
0%
428
0%
429
0%
430
0%
431
0%
432
0%
433
0%
434
0%
435
0%
436
0%
437
0%
438
0%
439
0%
440
0%
441
0%
442
0%
443
0%
444
0%
445
0%
446
0%
447
0%
448
0%
449
0%
450
0%
451
0%
452
0%
453
0%
454
0%
455
0%
456
0%
457
0%
458
0%
459
0%
460
0%
461
0%
462
0%
463
0%
464
0%
465
0%
466
0%
467
0%
468
0%
469
0%
470
0%
471
0%
472
0%
473
0%
474
0%
475
0%
476
0%
477
0%
478
0%
479
0%
480
0%

Score Distribution

Percentile by Number Answered

Percent of People with Each Score

Your Score History

You have not taken this quiz